LEADER 01708nam 2200553Ia 450 001 9910779634903321 005 20230124183912.0 010 $a1-61209-043-5 035 $a(CKB)2550000001041797 035 $a(EBL)3018963 035 $a(SSID)ssj0000852950 035 $a(PQKBManifestationID)12388716 035 $a(PQKBTitleCode)TC0000852950 035 $a(PQKBWorkID)10854118 035 $a(PQKB)10648747 035 $a(MiAaPQ)EBC3018963 035 $a(Au-PeEL)EBL3018963 035 $a(CaPaEBR)ebr10662769 035 $a(OCoLC)831658088 035 $a(EXLCZ)992550000001041797 100 $a20101020d2011 uy 0 101 0 $aeng 135 $aur|n|---||||| 181 $ctxt 182 $cc 183 $acr 200 00$aComputer search algorithms$b[electronic resource] /$fElisabeth C. Salander, editor 210 $aHauppauge, N.Y. $cNova Science Publishers$dc2011 215 $a1 online resource (207 p.) 225 1 $aComputer Science, Technology and Applications 300 $aDescription based upon print version of record. 311 $a1-61122-527-2 320 $aIncludes bibliographical references and index. 410 0$aComputer Science, Technology and Applications 606 $aComputer algorithms 606 $aQuerying (Computer science) 606 $aDatabase searching 615 0$aComputer algorithms. 615 0$aQuerying (Computer science) 615 0$aDatabase searching. 676 $a005.74/1 701 $aSalander$b Elisabeth C$01501313 801 0$bMiAaPQ 801 1$bMiAaPQ 801 2$bMiAaPQ 906 $aBOOK 912 $a9910779634903321 996 $aComputer search algorithms$93728429 997 $aUNINA LEADER 03260nam 2200601 450 001 9910821576303321 005 20240116034036.0 010 $a1-63853-536-1 010 $a1-62623-824-3 024 7 $a10.1055/b-006-160141 035 $a(CKB)4940000000149972 035 $a(MiAaPQ)EBC5989304 035 $a10.1055-b-006-160141 035 $a(DE-2912)1579188215565 035 $a(EXLCZ)994940000000149972 100 $a20200115d2020 uy 0 101 0 $aeng 135 $aurcnu|||||||| 181 $ctxt$2rdacontent 182 $cc$2rdamedia 183 $acr$2rdacarrier 200 10$aEyelid Reconstruction /$fby: Freitag, Suzanne K., Lee, N. Grace, Lefebvre, Daniel R., Yoon, Michael K. 210 1$aNew York, New York :$cThieme,$d[2020] 210 4$d©2020 215 $a1 online resource (132 pages) $cillustrations 311 $a1-62623-823-5 327 $a1 Periocular Anatomy -- 2 Periorbital Surgical Principles -- 3 Mohs Micrographic Surgery for Periorbital Cutaneous Malignancies -- 4 Medial Canthal Eyelid Reconstruction -- 5 Lower Eyelid Reconstruction -- 6 Upper Eyelid Reconstruction -- 7 Lateral Canthal Eyelid Reconstruction -- 8 Eyelid Reconstruction following Trauma -- Index. 330 $aHighly practical eyelid surgery resource informs important reconstruction decisions and strategies Skin malignancies frequently affect the periocular area, necessitating excision followed by eyelid reconstruction. Periocular trauma is also quite common, and because of the highly complex regional anatomy, requires expertise for effective reconstruction. Preparation by ophthalmic plastic surgeons prior to periorbital reconstruction is often not possible due to the unpredictability of defects left after Mohs micrographic surgeons clear tumor margins or in cases of trauma. Eyelid Reconstruction by. 606 $aEyelids$xSurgery 606 $aEyelid Neoplasms$xsurgery$3(DNLM)D005142Q000601 606 $aEyelids$xinjuries$3(DNLM)D005143Q000293 606 $aEyelids$xsurgery$3(DNLM)D005143Q000601 615 0$aEyelids$xSurgery. 615 12$aEyelid Neoplasms$xsurgery 615 22$aEyelids$xinjuries 615 22$aEyelids$xsurgery 676 $a617.771059 700 $aFewkes$b Jessica$4aut$4http://id.loc.gov/vocabulary/relators/aut$01595037 702 $aFreitag$b Suzanne K$4edt$4http://id.loc.gov/vocabulary/relators/edt 702 $aLee$b N. Grace$4edt$4http://id.loc.gov/vocabulary/relators/edt 702 $aLefebvre$b Daniel R$4edt$4http://id.loc.gov/vocabulary/relators/edt 702 $aYoon$b Michael K$4edt$4http://id.loc.gov/vocabulary/relators/edt 702 $aGlass$b Lora R. Dagi$4aut$4http://id.loc.gov/vocabulary/relators/aut 702 $aJiménez-Pérez$b Juan C$4aut$4http://id.loc.gov/vocabulary/relators/aut 702 $aRasool$b Nailyn$4aut$4http://id.loc.gov/vocabulary/relators/aut 702 $aStarks$b Victoria$4aut$4http://id.loc.gov/vocabulary/relators/aut 702 $aYancovitz$b Molly$4aut$4http://id.loc.gov/vocabulary/relators/aut 702 $aYu$b Sherry H$4aut$4http://id.loc.gov/vocabulary/relators/aut 801 0$bDE-2912 906 $aBOOK 912 $a9910821576303321 996 $aEyelid Reconstruction$93915808 997 $aUNINA